000 00962nam a2200289 i 4500
003 DO-SdBNP
005 20240827103228.0
007 ta
008 240827s2024 dr 000 spa d
020 _a9789993450207
040 _aDO-SdBNP
_bspa
_cBNPHU
_erda
082 _222
100 1 _aPacheco Salazar, Berenice
_eautora
_986418
245 1 3 _a¿Cómo lograr la educación de calidad? :
_bla voz de los centros educativos de República Dominicana /
_cBerenice Pacheco Salazar, Joan Noboa
264 1 _aSanto Domingo :
_bIDEC,
_c2024.
300 _a78 páginas
_c29 cm.
336 _2rdacontent
_atexto
_btxt
337 _2rdamedia
_asin mediación
_bn
338 _2rdacarrier
_avolumen
_bnc
490 1 _aEstudio
504 _aBibliografía p: 78.
590 _aInventariado,2024/ YL
700 1 _aNoboa, Joan
_eautor
_986419
710 _aIniciativa Dominicana por una Educación de Calidad (IDEC)
_986421
910 _aYLockward
942 _2ddc
_cLBS1
999 _c57558
_d57558